Catálisis heterogénea : principios básicos y su aplicación en química orgánica /

Detalles Bibliográficos
Autores principales: Ramírez Sanabria, Alfonso Enrique, 1971- (Autor), Miranda Muñoz, Cristian David (Autor)
Formato: Electrónico eBook
Lenguaje:español
Publicado: Popayán, Colombia : Editorial Universidad del Cauca, 2022.
Edición:Primera edición en español.
Materias:
Acceso en línea:Digitalia Hispánica

MARC

LEADER 00000nam a2200000 i 4500
001 DIGUCAUCA0131
003 NyNyDIG
006 m o d
007 cr |||||||||||
008 231007s2022 ck a ob 001 0 spa d
035 |a (OCoLC)1394135065 
040 |a DGITA  |b eng  |e rda  |e pn  |c DGITA 
020 |a 9789587325423  |q digital 
020 |z 9789587325416  |q impreso 
050 1 4 |a QD505 ebook 
100 1 |a Ramírez Sanabria, Alfonso Enrique,  |d 1971-  |e author.  
245 1 0 |a Catálisis heterogénea :  |b principios básicos y su aplicación en química orgánica /  |c Alfonso Enrique Ramírez Sanabria, Cristian David Miranda Muñoz. 
250 |a Primera edición en español. 
264 1 |a Popayán, Colombia :  |b Editorial Universidad del Cauca,  |c 2022. 
300 |a 1 online resource :  |b illustrations. 
336 |a text  |b txt  |2 rdacontent 
337 |a computer file  |b c  |2 rdamedia 
338 |a online resource  |b cr  |2 rdacarrier 
347 |a text file  |2 rdaft 
347 |b PDF 
500 |a "Convocatoria 2021"--Cover. 
504 |a Includes bibliographical references and Index. 
588 0 |a Online resource; title from PDF title page (Digitalia, viewed October 7, 2023) 
650 0 |a Heterogeneous catalysis. 
650 0 |a Chemistry, Organic. 
700 1 |a Miranda Muñoz, Cristian David,  |e author. 
776 0 8 |i Print version:  |a Ramírez Sanabria, Alfonso Enrique, 1971-  |t Catálisis heterogénea.  |b Primera edición en español.  |d Popayán, Colombia : Editorial Universidad del Cauca, 2022  |z 9789587325416 
791 2 |a Digitalia (Firm),  |e distributor. 
793 0 |g Digitalia eBook Collection:  |a Universidad del Cauca 
856 4 0 |3 Digitalia Hispánica  |u https://www.digitaliapublishing.com/a/129846/ 
910 |a Premium collection: 2023